[Event "Agneaux St Lo op-B 08th"]
[Site "Agneaux"]
[Date "2004.02.14"]
[Round "1"]
[White "Desdevises, Christophe"]
[Black "Bollard, Maxime"]
[Result "0-1"]
[WhiteElo "1600"]
[BlackElo "1730"]
[PlyCount "46"]
[EventDate "2004.02.14"]
[EventType "swiss"]
[EventRounds "7"]
[EventCountry "FRA"]
[SourceTitle "EXT 2005"]
[Source "ChessBase"]
[SourceDate "2004.11.15"]
[SourceVersion "1"]
[SourceVersionDate "2004.11.15"]
[SourceQuality "1"]

1. e4 e6 2. d4 d5 3. e5 c5 4. c3 Qb6 5. Nf3 Nc6 6. Bd3 cxd4 7. cxd4 Bd7 8. Be2 Nh6 9. Nc3 Nf5 10. Na4 Qa5+ 11. Bd2 Bb4 12. Bc3 Nxe5 13. Bxb4 Nxf3+ 14. Bxf3 Qxb4+ 15. Nc3 Nxd4 16. 0-0 Nxf3+ 17. Qxf3 Bc6 18. Qe2 0-0 19. a3 Qb6 20. Kh1 d4 21. Ne4 Bb5 22. Qg4 f5 23. Qh3 Bxf1 0-1